000 00655 a2200205 4500
001 62629
005 20260407155919.0
008 260407a1982 arg spa d
003 AR-UNSa-BCEJYS
040 _aAR-UNSa-BCEJYS
_bspa
_cAR-UNSa-BCEJYS
080 _a35(460)
_xAdministración Pública de España
245 1 0 _aEl pensamiento administrativo de P. Sainz de Andino 1829-1848
020 _a978-84-7351-159-9
264 1 _aMadrid :
_bInstituto Nacional de Administración Pública (INAP)
_c1982
300 _a548 p.
_c21 cm.
041 _aspa
942 _cBK
590 _aniveau_biblio:m niveau_hierar:0
100 1 _aGarcía Madaria, José María
999 _c7729
_d7729